000 00712nam a2200301Ia 4500
005 20260401122351.0
008 008 250103s9999 xx 000 0 eng d
020 _a8180280179
037 _aTB
040 _aEDL
040 _beng
040 _cEDL
041 _2eng
041 _aeng
084 _a305.420954 FOR
084 _qEDL
100 _aForbes, Geraldine
245 0 _aWomen in Colonial India: Essays on Politics, Medicine, and Historiography
245 0 _cForbes, Geraldine
260 _aNew Delhi
260 _bChronicle Books
260 _c2005
300 _a214p
942 _cTB
942 _h305.420954 FOR
999 _c1846815
_d1846815